|
|
|
|
| LEADER |
01000nam a2200217 a 4500 |
| 008 |
100517s2008 enka b 001 0 eng d |
| 020 |
|
|
|a 9780194723008
|
| 040 |
|
|
|a BD-DhAAL
|c BD-DhAAL
|d BD-DhAAL
|
| 082 |
0 |
0 |
|a 808/.042
|2 22
|
| 100 |
1 |
|
|a Blass, Laurie
|d 1952-
|
| 245 |
0 |
0 |
|a Creating meaning :
|b advanced reading and writing /
|c Laurie Blass,Hannah Friesen, Kathy Block.
|
| 260 |
|
|
|a Oxford ;
|a New York :
|b Oxford University Press,
|c 2008
|
| 300 |
|
|
|a x, 206 p. :
|b ill. ;
|c 26 cm.
|
| 541 |
1 |
|
|e 00020249
|
| 650 |
|
0 |
|a English language
|x Rhetoric
|v Handbooks, manuals, etc.
|
| 700 |
1 |
|
|a Friesen,Hannah.
|
| 700 |
1 |
|
|a Block,Kathy.
|
| 852 |
4 |
|
|a Ayesha Abed Library
|j General shelf
|
| 999 |
|
|
|c 8612
|d 8612
|
| 952 |
|
|
|0 0
|1 0
|2 ddc
|4 0
|6 808_042000000000000_BLA_2008
|7 0
|9 10260
|a BRACUL
|b BRACUL
|c GEN
|d 2010-05-17
|l 0
|o 808.042 BLA
|p 3010020249
|r 2010-05-17
|t 1
|w 2010-05-17
|y BK
|
| 952 |
|
|
|0 0
|1 0
|2 ddc
|4 0
|6 808_042000000000000_BLA_2008
|7 0
|9 16315
|a BRACUL
|b BRACUL
|c GEN
|d 2011-05-07
|l 0
|o 808.042 BLA
|p 3010017108
|r 2011-05-07
|t 2
|w 2011-05-07
|y BK
|